书目信息 |
| 题名: |
激光影碟机的万用表检修实例
|
|
| 作者: | 李勇帆 主编 | |
| 分册: | ||
| 出版信息: | 北京 科学普及出版社 1998.04 |
|
| 页数: | 180页 | |
| 开本: | 16开 | |
| 丛书名: | ||
| 单 册: | ||
| 中图分类: | TN946.5 | |
| 科图分类: | ||
| 主题词: | 录象系统 | |
| 电子资源: | ||
| ISBN: | 7-110-03768-1 | |
| 000 | 00590nam0 2200193 45 | |
| 001 | 0006161998 | |
| 005 | 20000616191044.0 | |
| 010 | @a7-110-03768-1@d15.00元 | |
| 100 | @a20000616d1998 km y0chiy0120 ea | |
| 101 | 0 | @achi |
| 105 | @a z 000yy | |
| 200 | 1 | @a激光影碟机的万用表检修实例@AJi Guang Ying Die Ji De Wan Yong Biao Jian Xiu Shi Li@f李勇帆主编@FLi Yong Fan Zhu Bian |
| 210 | @a北京@c科学普及出版社@d1998.04 | |
| 215 | @a180页@d16开 | |
| 606 | 0 | @a录象系统 |
| 690 | @aTN946.5@v3 | |
| 701 | 0 | @a李勇帆@4主编 |
| 801 | @aCN@bPftUser@c20000616 | |
| 905 | @b155695-699@dTN946.5@eL257@f5 | |
| 激光影碟机的万用表检修实例/李勇帆主编.-北京:科学普及出版社,1998.04 |
| 180页;16开 |
| ISBN 7-110-03768-1:15.00元 |
| ● |
| 相关链接 |
|
|
|
正题名:激光影碟机的万用表检修实例
索取号:TN946.5/L257
 
预约/预借
| 序号 | 登录号 | 条形码 | 馆藏地/架位号 | 状态 | 备注 |
| 1 | 155695 | 201556958 | 自科二线404/ [索取号:TN946.5/L257] | 在馆 | |
| 2 | 155696 | 201556967 | 自科二线404/404自科库 22排3列2层/ [索取号:TN946.5/L257] | 在馆 | |
| 3 | 155697 | 201556976 | 自科二线504/504自科库 8排2列1层/ [索取号:TN946.5/L257] | 在馆 | |
| 4 | 155698 | 201556985 | 自科二线504/504自科库 8排2列1层/ [索取号:TN946.5/L257] | 在馆 | |
| 5 | 155699 | 201556994 | 自科二线404/404自科库 22排3列2层/ [索取号:TN946.5/L257] | 在馆 |